|
|
|
|
| LEADER |
01067nam a22002774a 4500 |
| 001 |
7365 |
| 003 |
BD-DhAAL |
| 005 |
20150623111134.0 |
| 008 |
150623s2002 enk b 001 0 eng |
| 010 |
|
|
|a 2002025844
|
| 020 |
|
|
|a 0333964845
|
| 020 |
|
|
|a 0333964853 (pbk.)
|
| 040 |
|
|
|a DLC
|c DLC
|d DLC
|d BD-DhAAL
|
| 050 |
0 |
0 |
|a B72
|b .B33 2002
|
| 082 |
0 |
0 |
|a 100
|2 21
|
| 100 |
1 |
|
|a Baggini, Julian.
|9 12393
|
| 245 |
1 |
0 |
|a Philosophy :
|b key texts /
|c Julian Baggini.
|
| 260 |
|
|
|a Houndmills, Basingstoke, Hampshire ;
|a New York :
|b Palgrave MacMillan,
|c 2002.
|
| 300 |
|
|
|a xii, 140 p. ;
|c 23 cm.
|
| 504 |
|
|
|a Includes bibliographical references (p. 136) and index.
|
| 541 |
|
|
|e 7365
|
| 650 |
|
0 |
|a Philosophy.
|9 12394
|
| 942 |
|
|
|2 ddc
|c BK
|
| 999 |
|
|
|c 34819
|d 34819
|
| 952 |
|
|
|0 0
|1 0
|2 ddc
|4 0
|6 100_000000000000000_BAG
|7 0
|9 54482
|a SCL
|b SCL
|c GEN
|d 2015-06-23
|g 1208.00
|l 4
|m 2
|o 100 BAG
|p 3020007365
|r 2025-08-09
|s 2025-07-27
|t 1
|w 2015-06-23
|y BK
|
| 952 |
|
|
|0 0
|1 0
|2 ddc
|4 0
|6 100_000000000000000_BAG
|7 0
|9 59756
|a SCL
|b SCL
|c GEN
|d 2015-06-23
|g 1208.00
|l 0
|o 100 BAG
|p 3020007364
|r 2016-10-25
|t 2
|w 2015-06-23
|y BK
|